Central Library OPAC University of Rajshahi

The grapes of wrath / (Record no. 22291)

MARC details
000 -LEADER
fixed length control field 00951nam a2200301 a 4500
001 - CONTROL NUMBER
control field 22291
003 - CONTROL NUMBER IDENTIFIER
rucl marc code BD-RjUL
005 - DATE AND TIME OF LATEST TRANSACTION
control field 20211209000805.0
008 - FIXED-LENGTH DATA ELEMENTS--GENERAL INFORMATION
fixed length control field 140308s19781939nyu 000 1 eng
020 ## - INTERNATIONAL STANDARD BOOK NUMBER
International Standard Book Number 0140042393 (pbk.) :
035 ## - SYSTEM CONTROL NUMBER
System control number (BD-RjUL)22356
040 ## - CATALOGING SOURCE
Original cataloging agency DLC
Transcribing agency DLC
Modifying agency DLC
-- OCoLC
-- DLC
-- BD-RjUL
Language of cataloging eng
041 ## - LANGUAGE CODE
Language code of text/sound track or separate title eng
082 00 - DEWEY DECIMAL CLASSIFICATION NUMBER
Classification number 813.52
Edition number 19
Author mark and year STG 1978
100 1# - MAIN ENTRY--PERSONAL NAME
Personal name Steinbeck, John,
Dates associated with a name 1902-1968.
9 (RLIN) 68821
245 14 - TITLE STATEMENT
Title The grapes of wrath /
Statement of responsibility, etc. John Steinbeck.
260 ## - PUBLICATION, DISTRIBUTION, ETC. (IMPRINT)
Place of publication, distribution, etc. New York, N.Y. :
Name of publisher, distributor, etc. Penguin Books,
Date of publication, distribution, etc. c1939 [Reprinted 1978].
300 ## - PHYSICAL DESCRIPTION
Pagination 502 p. ;
Size 19 cm.
650 #0 - SUBJECT ADDED ENTRY--TOPICAL TERM
Topical term or geographic name as entry element Migrant agricultural laborers
General subdivision Fiction.
9 (RLIN) 68822
Topical term or geographic name as entry element Rural families
General subdivision Fiction.
9 (RLIN) 68823
Topical term or geographic name as entry element Depressions
General subdivision Fiction.
9 (RLIN) 56132
Topical term or geographic name as entry element Labor camps
General subdivision Fiction.
9 (RLIN) 68824
651 #0 - SUBJECT ADDED ENTRY--GEOGRAPHIC NAME
Geographic name California
General subdivision Fiction.
9 (RLIN) 64329
942 ## - ADDED ENTRY ELEMENTS (KOHA)
Source of classification or shelving scheme Dewey Decimal Classification
Koha item type Books
Holdings
Lost status Source of classification or shelving scheme Damaged status Not for loan Collection code Permanent Location Current Location Shelving location Date acquired Total Checkouts Full call number Date last seen Copy number Koha item type
  Dewey Decimal Classification     Fiction Central Library, University of Rajshahi Central Library, University of Rajshahi       813.52 STG 1978 08/03/2014 C-3 Books